000 00612cam a2200229 4500
008 090401t1999 xxu||||| |||| 00| 0 eng d
020 _a1860129226
035 _a(Sirsi) u99336
041 _aeng
100 _aSilverman, Frances
245 _aStandard conditions of sale: a conveyancer's guide.
250 _a6th
260 _aCroydon
_bTolley Publishing Co. Ltd
_c1999
300 _axxiv,287p. ; 23cm.
350 _a42.00
520 _aSuperseded by 7th edition (ISBN 1846610087)
650 _aCONDITIONS OF SALE
650 _aCONVEYANCING
690 _aLAW
942 _n0
948 _c07/04/1998
999 _c99277
_d99277